LignoSilva 2023 zborník odborných prác z konferencie

Podrobná bibliografia
Korporatívny autor: LignoSilva Zvolen, Slovensko (Autor)
Ďalší autori: Bucha, Tomáš, 1965- (Zostavovateľ, kompilátor), Gracovský, Radovan, 1989- (Zostavovateľ, kompilátor), Gergeľ, Tomáš, 1991- (Zostavovateľ, kompilátor)
Médium: Konferenčný príspevok Kniha
Jazyk:slovenčina
Fyzický popis:110 strán farebné fotografie, grafy, mapy, tabuľky 21 cm
Vydavateľské údaje: Zvolen Národné lesnícke centrum - Lesnícky výskumný ústav 2023
ISBN:9788080933456
Vydanie:Prvé vydanie
Predmet:

MARC

LEADER 00000nam a2200000 4500
001 vtls012245210
003 SK-MaSNL
005 20260426002635.0
008 231201s2023 xo odblfrn 100 0 slo
015 |a SNBA2024/01 
020 |a 9788080933456  |q (brožované) 
040 |a SNK  |b slo  |c SNK  |e rda 
041 0 |a slo  |b eng 
043 |a e-xo--- 
044 |a xo  |c SK 
072 7 |a 630  |x Lesníctvo  |2 konspekt 
072 7 |a 674  |x Drevo. Drevársky priemysel  |2 konspekt 
080 |a 630  |2 2011 
080 |a 630*2  |2 2011 
080 |a 574.2:630*12  |2 2011 
080 |a (062.534)  |2 2011 
080 |a 674.02  |2 2011 
080 |a 620.925  |2 2011 
080 |a (437.6)  |2 2011 
080 |a 630*41  |2 2011 
080 |a 005  |2 2011 
111 2 |a LignoSilva  |n (3. :  |d 2023 :  |c Zvolen, Slovensko)  |4 aut  |9 601997 
245 1 0 |a LignoSilva 2023  |b zborník odborných prác z konferencie  |c zostavovatelia: Tomáš Bucha, Tomáš Gergeľ, Radovan Gracovský 
246 3 4 |a Konferencia LignoSilva 2023  |b zborník odborných prác z konferencie : 13.6.2023 Zvolen 
246 3 1 |a LignoSilva 2023  |b proceedings of papers from the conference 
250 |a Prvé vydanie 
264 1 |a Zvolen  |b Národné lesnícke centrum - Lesnícky výskumný ústav  |c 2023 
300 |a 110 strán  |b farebné fotografie, grafy, mapy, tabuľky  |c 21 cm 
336 |a text  |b txt  |2 rdacontent 
337 |a bez média  |b n  |2 rdamedia 
338 |a zväzok  |b nc  |2 rdacarrier 
366 |e 100 kusov 
504 |a Bibliografia za jednotlivými príspevkami 
546 |a Anglické resumé 
650 0 7 |a lesné hospodárstvo  |2 SNKPH  |9 1256 
650 0 7 |a pestovanie lesa  |2 SNKPH  |9 3952 
650 0 7 |a lesné biotopy  |2 SNKPH  |9 87449 
650 0 7 |a Forest management  |2 SNKPHeng  |9 267353 
650 0 7 |a Forest cultivation  |2 SNKPHeng  |9 317422 
650 0 7 |a Forest biotopes  |2 SNKPHeng  |9 405892 
650 0 7 |a spracovanie dreva  |2 SNKPH  |9 3561 
650 0 7 |a Wood processing  |2 SNKPHeng  |9 286289 
650 0 7 |a biomasa  |2 SNKPH  |9 4197 
650 0 7 |a Biomass  |2 SNKPHeng  |9 315958 
650 0 7 |a ochrana lesa  |2 SNKPH  |9 2455 
650 0 7 |a Forest protection  |2 SNKPHeng  |9 276136 
650 0 7 |a manažment  |2 SNKPH  |9 922 
650 0 7 |a Management  |2 SNKPHeng  |9 265406 
651 7 |a Slovensko  |2 SNKPHgeo  |9 14231 
651 7 |a Slovakia  |2 SNKPHeng  |9 92630 
655 7 |a zborníky konferencií  |2 SNKPH  |9 70153 
655 7 |a Proceedings of conferences  |2 SNKPHeng  |9 265791 
700 1 |a Bucha, Tomáš,  |d 1965-  |4 com  |9 601994 
700 1 |a Gracovský, Radovan,  |d 1989-  |4 com  |9 238299 
700 1 |a Gergeľ, Tomáš,  |d 1991-  |4 com  |9 222880 
710 2 |a Výskumný ústav papiera a celulózy (Bratislava, Slovensko)  |4 pbl  |9 56560 
710 2 |a Slovenská akadémia pôdohospodárskych vied.  |b Odbor lesníctva  |4 pbl  |9 184113 
852 |a Slovenská národná knižnica 
919 |a 978-80-8093-345-6 
954 |a odborná, vedecká literatúra pôvodná (slovenská)  |2 lita 
958 |a NB 
999 |c 923748  |d 925678 
952 |a SNK  |b SNK  |y PREZ  |7 0  |p 17A1539889  |o snkSC 204402  |i snk2023/17584  |8 0  |0 0  |1 0  |4 0  |d 2023-12-01  |f 1  |l 0  |r 2025-10-28 00:00:00  |w 2026-02-24